Taller de recuperación de la maestría en Ingeniería para la Calidad /

Gorde:
Xehetasun bibliografikoak
Egile nagusia: Reynaga Alcalá, Jorge Luis (autor)
Formatua: Tesis Liburua
Hizkuntza:gaztelania
Gaiak:
Etiketak: Etiketa erantsi
Etiketarik gabe, Izan zaitez lehena erregistro honi etiketa jartzen!

MARC

LEADER 00000nam^a2200000^a^4500
001 000184491
005 20250521000000.0
009 20260310102116.138
037 |a Acervo ITESO - Biblioteca 
041 |a ESP 
090 |a MIC. 35 
100 |a Reynaga Alcalá, Jorge Luis  |e (autor) 
245 1 0 |a Taller de recuperación de la maestría en Ingeniería para la Calidad /  |c J.L. Reynaga Alcalá. 
264 |a Guadalajara, México :  |b edición de autor,  |c 2005 
300 |a 1 disco compacto de computadora 
336 |a datos para computadora  |b cod  |2 rdacontenido 
337 |a computadora  |b c  |2 rdamedio 
338 |a disco de computadora  |b cd  |2 rdasoporte 
502 |a ITESO Reporte de Posgrado para Maestría en Ingeniería para la Calidad 
649 |a XX 
650 |a Ingeniería Industrial -  |x Estudio y Enseñanza 
650 |a Clase Seminario 
650 |a Talleres Educativos 
650 |a Titulación 
650 |a Certificado de Estudios 
650 |a Certificación Educativa 
650 |a Eficiencia Terminal 
650 |a Competencias (Educación) 
650 |a Profesiones 
650 |a Profesionistas 
650 |a Proceso Educativo 
650 |a Educación Superior 
650 |a Educación Formal 
650 |a Educación 
910 |a Fondo General 
920 |a Electrónicos - Tesis del ITESO en Disco 
905 |a 202 
901 |a 0500125247  |b IT2  |c STS  |u 20250521 
902 |a https://opac.biblio.iteso.mx/vufind/Record/000184491